Seis pintores españoles de los noventa (Record no. 10519)

MARC details
000 - LÍDER
campo de control de longitud fija 01269nam a2200229Ia 4500
008 - ELEMENTOS DE DATOS DE LONGITUD FIJA - INFORMACIÓN GENERAL
campo de control de longitud fija 0000001999 sp ad 0000000000spa00
090 ## - NÚMERO DE LLAMADA DE TIPO LC LOCALMENTE ASIGNADO (OCLC)
Número de clasificación (OCLC) (R) PSP00 S23s
245 10 - TÍTULO DECLARACIÓN
Título Seis pintores españoles de los noventa
Declaración de responsabilidad / comisario Mariano Navarro
260 ## - PUBLICACIÓN, DISTRIBUCIÓN
Lugar de publicación Madrid : Agencia Española de Cooperación Internacional, AECI
Fecha de publicación 1999
300 ## - DESCRIPCIÓN FÍSICA
Alcance 49 p.
Dimensiones / 24 cm.
500 ## - NOTA GENERAL
Nota general Incluye datos biográficos de los artistas \ Registro auspiciado por la FGAA. Bogotá \ Donación de la Sra. Ivonne Pini, 2016
501 ## - Con nota
Con nota Seis pintores españoles de los 90 / Mariano Navarro
505 ## - NOTA DE CONTENIDO FORMATEADA
Nota sobre el contenido formateado ARTISTAS : Sara Huete. Alvaro Machimbarrena. Manu MuniategiandikoetXea. Angela Nordenstedt. Marina Núñez. Oscar Seco
600 00 - ENTRADA DE SUJETO AÑADIDO - NOMBRE PERSONAL
Nombre de la persona HUETE, SARA, 1958/
Subdivisión general TRABAJOS ARTISTICOS \ MACHIMBARRENA, ALVARO, 1958/
-- TRABAJOS ARTISTICOS \ MUNIATEGIANDIKOETXEA, MANU, 1966/
-- TRABAJOS ARTISTICOS \ NORDENSTEDT, ANGELA, 1963/
-- TRABAJOS ARTISTICOS \ NUñEZ, MARINA, 1966/
-- TRABAJOS ARTISTICOS \ SECO, OSCAR, 1964/
-- TRABAJOS ARTISTICOS
650 14 - ENTRADA DE SUJETO AÑADIDO - TÉRMINO TÓPICO
Término tópico o elemento de entrada del nombre geográfico ARTE CONTEMPORANEO ESPAÑOL
650 14 - ENTRADA DE SUJETO AÑADIDO - TÉRMINO TÓPICO
Término tópico o elemento de entrada del nombre geográfico ARTISTAS PLASTICOS ESPAÑOLES
650 14 - ENTRADA DE SUJETO AÑADIDO - TÉRMINO TÓPICO
Subdivisión general CATALOGOS
650 14 - ENTRADA DE SUJETO AÑADIDO - TÉRMINO TÓPICO
Término tópico o elemento de entrada del nombre geográfico DIBUJOS ESPAÑOLES
650 14 - ENTRADA DE SUJETO AÑADIDO - TÉRMINO TÓPICO
Término tópico o elemento de entrada del nombre geográfico PINTORES ESPAÑOLES
650 14 - ENTRADA DE SUJETO AÑADIDO - TÉRMINO TÓPICO
Término tópico o elemento de entrada del nombre geográfico PINTURA ESPAÑOLA
700 1# - ENTRADA AGREGADA - NOMBRE PERSONAL
Nombre de la persona Navarro, Mariano
Holdings
Estado de retirada Pérdida de estatus Estado dañado No para préstamo Código de recogida Ubicación permanente Ubicación actual Ubicación de las estanterías Fecha de adquisición Número de llamada completo Código de barras Fecha de la última vez que se vio Número de copia Precio efectivo desde Tipo de artículo Koha
        General ArtNexus ArtNexus General 06/09/2022 P-SP-00 S23S 10616 06/09/2022 Ej.1 06/09/2022 Libro

Powered by Koha